00000000nam 2200000zi 4500
0019.937055
003CaOODSP
00520250414091144
006m     o  d f      
007cr c||||||||||
008240418t20242024oncao   o    f000 0 fre d
020 |a9780660714639
040 |aCaOODSP|bfre|erda|cCaOODSP
043 |an-cn---
0861 |aPH4-203/2024F-PDF
24503|aLa convergence bionumérique : |bconséquences politiques transversales.
264 1|a[Ottawa] : |bHorizons de politiques Canada = Policy Horizons Canada, |c[2024].
264 4|c©2024
300 |a1 ressource en ligne (27 pages) : |billustrations, photographies
336 |atexte|btxt|2rdacontent/fre
337 |ainformatique|bc|2rdamedia/fre
338 |aressource en ligne|bcr|2rdacarrier/fre
500 |aTitre de la couverture.
500 |aEn tête du titre : Avenirs économiques.
500 |aPublié aussi en anglais sous le titre : The biodigital convergence: cross-cutting policy implications.
520 |a« Les systèmes biologiques et numériques se rejoignent en profondeur, créant un nouveau domaine appelé la convergence bionumérique. La technologie numérique et les êtres vivants sont de plus en plus capables de communiquer et d’interagir entre eux. La technologie numérique peut être intégrée aux organismes vivants et des composants biologiques peuvent être incorporés à de nouvelles technologies » -- Introduction, page 06.
650 6|aBiotechnologie|zCanada.
650 6|aBiotechnologie|xPolitique gouvernementale|zCanada.
7102 |aHorizons de politiques Canada, |eorganisme de publication.
77508|tThe biodigital convergence : |w(CaOODSP)9.937054
85640|qPDF|s2.19 Mo|uhttps://publications.gc.ca/collections/collection_2025/hpc-phc/PH4-203-2024-fra.pdf
8564 |qHTML|sS.O.|uhttps://horizons.service.canada.ca/fr/2024/12/24/convergence-bionum-consequence/index.shtml